Информатика (Запись № 654403)

Подробности
000 -МАРКЕР
контрольное поле 01988nam0a2200373 4500
001 - ИДЕНТИФИКАТОР ЗАПИСИ
контрольное поле RU\NLR\bibl\117602
005 - ИДЕНТИФИКАТОР ВЕРСИИ
контрольное поле 20260406071328.0
010 ## - МЕЖДУНАРОДНЫЙ СТАНДАРТНЫЙ НОМЕР КНИГИ (ISBN)
Номер (ISBN) 5-279-02202-0
Тираж 5000
021 ## - НОМЕР ГОСУДАРСТВЕННОЙ РЕГИСТРАЦИИ
Код страны Российская Федерация
Номер 2000-27426
Номер Листа государственной регистраци 1296
035 ## - ДРУГИЕ СИСТЕМНЫЕ НОМЕРА
Идентификатор записи (NLR Aleph) 000115176
100 ## - ДАННЫЕ ОБЩЕЙ ОБРАБОТКИ
Данные общей обработки 20001114d2000 |||y0rusy50 ca
101 0# - ЯЗЫК РЕСУРСА
Язык текста, звукозаписи и т.д. русский
102 ## - СТРАНА ПУБЛИКАЦИИ ИЛИ ПРОИЗВОДСТВА
Страна публикации Российская Федерация
105 ## - ПОЛЕ КОДИРОВАННЫХ ДАННЫХ: ТЕКСТОВЫЕ МАТЕРИАЛЫ, МОНОГРАФИЧЕСКИЕ
Кодированные данные о монографическом текстовом документе a |||||||||
200 1# - ЗАГЛАВИЕ И СВЕДЕНИЯ ОБ ОТВЕТСТВЕННОСТИ
Основное заглавие Информатика
Сведения, относящиеся к заглавию Учеб. для студентов экон. спец. вузов
Первые сведения об ответственности [Н.В. Макарова, проф., д.п.н., Л.А. Матвеев, проф., д.э.н., В.Л. Бройдо, проф., к.т.н. и др.]
Последующие сведения об ответственности Под ред. проф. Н.В. Макаровой
205 ## - СВЕДЕНИЯ ОБ ИЗДАНИИ
Сведения об издании 3-е перераб. изд.
210 ## - ПУБЛИКАЦИЯ, РАСПРОСТРАНЕНИЕ И ДР.
Место издания, распространения и т.д. М.
Имя издателя, распространителя и т. д. Финансы и статистика
Дата издания, распространения и т.д. 2000
215 ## - ФИЗИЧЕСКАЯ ХАРАКТЕРИСТИКА
Специфическое обозначение материала и объем 765, [2] c.
Другие сведения о физической характеристике схем.
Размеры 27
313 ## - ПРИМЕЧАНИЯ, ОТНОСЯЩИЕСЯ К ТЕМАТИЧЕСКОМУ ДОСТУПУ
Текст примечания 3-е изд.1999г проверено в ГАК
320 ## - ПРИМЕЧАНИЯ О НАЛИЧИИ В ДОКУМЕНТЕ БИБЛИОГРАФИИ / УКАЗАТЕЛЯ
Текст примечания Библиогр. в конце гл.
320 ## - ПРИМЕЧАНИЯ О НАЛИЧИИ В ДОКУМЕНТЕ БИБЛИОГРАФИИ / УКАЗАТЕЛЯ
Текст примечания Предм. указ.: с. 748-758
606 ## - НАИМЕНОВАНИЕ ТЕМЫ КАК ПРЕДМЕТ
Наименование темы Информатика
Формальный подзаголовок Руководства, пособия и т.п. для высшей школы
Системный номер авторитетной/нормативной записи 2081274
Идентификатор авторитетной/нормативной записи RU\NLR\auth\661257251
606 0# - НАИМЕНОВАНИЕ ТЕМЫ КАК ПРЕДМЕТ
Наименование темы Информатика
Формальный подзаголовок Учебные издания для высшей школы
Системный номер авторитетной/нормативной записи 2081274
Идентификатор авторитетной/нормативной записи RU\NLR\auth\661257251
686 ## - ИНДЕКСЫ ДРУГИХ КЛАССИФИКАЦИЙ
Индекс З973.233я73-1
701 #1 - ИМЯ ЛИЦА - АЛЬТЕРНАТИВНАЯ ОТВЕТСТВЕННОСТЬ
Код отношения Автор
Материалы, к которым относится поле rus
Графика поля Кириллица
Начальный элемент ввода Макарова
Часть имени, кроме начального элемента ввода Н. В.
Дополнения к именам, кроме дат д-р пед. наук; канд. техн. наук
Расширение инициалов личного имени Наталья Владимировна
Идентификатор авторитетной/нормативной записи RU\NLR\auth\7727924
Системный номер авторитетной/нормативной записи 10955
701 #1 - ИМЯ ЛИЦА - АЛЬТЕРНАТИВНАЯ ОТВЕТСТВЕННОСТЬ
Код отношения Автор
Материалы, к которым относится поле rus
Графика поля Кириллица
Начальный элемент ввода Матвеев
Часть имени, кроме начального элемента ввода Л. А.
Дополнения к именам, кроме дат д-р экон. наук
Расширение инициалов личного имени Леонид Анатольевич
Идентификатор авторитетной/нормативной записи RU\NLR\auth\7742130
Системный номер авторитетной/нормативной записи 25076
701 #1 - ИМЯ ЛИЦА - АЛЬТЕРНАТИВНАЯ ОТВЕТСТВЕННОСТЬ
Код отношения Автор
Материалы, к которым относится поле rus
Графика поля Кириллица
Начальный элемент ввода Бройдо
Часть имени, кроме начального элемента ввода В. Л.
Дополнения к именам, кроме дат канд. техн. наук, информ. системы
Расширение инициалов личного имени Владимир Львович
Идентификатор авторитетной/нормативной записи RU\NLR\auth\7741996
Системный номер авторитетной/нормативной записи 24944
801 #0 - ИСТОЧНИК ЗАПИСИ
Страна Российская Федерация
Организация NLR
Дата составления 20001114
Правила каталогизации PSBO
801 #1 - ИСТОЧНИК ЗАПИСИ
Страна Российская Федерация
Организация NLR
Дата составления 20001114
852 ## - МЕСТОНАХОЖДЕНИЕ И ШИФР ХРАНЕНИЯ
Идентификатор организации NLR
Шифр хранения (Call Number) 2000-7/2433
942 ## - ДОПОЛНИТЕЛЬНЫЕ ЭЛЕМЕНТЫ ЗАПИСИ (АБИС)
Тип экземпляра АБИС Книга
980 ## - КОЛЛЕКЦИЯ
Название коллекции Национальная библиография
Экземпляры
Тип экземпляра Дата поступления Источник поступления Библиотека постоянного хранения Библиотека текущего хранения Место хранения Шифр хранения Штрих-код Статус экземпляра
Книга 14.11.2000 Обязательный экземпляр РНБ (Московский) РНБ (Московский) Русский книжный фонд: издания с 1957 года 2000-7/2433 81113  
Книга 14.11.2000 Обязательный экземпляр РНБ (Московский) РНБ (Московский) Русский книжный фонд: издания с 1957 года 2000-7/2433 81114